Statistiken für Hauptorte der Kantone (Schweiz)

Klicken Sie hier um das Quiz zu spielen!

Allgemein

  • Dieses Quiz wurde 45 mal gespielt
  • Das Durchschnittsergebnis liegt bei 12 aus 26

Antwortstatistiken

BundesländerHauptstadt% Korrekt
BernBern
97%
Basel-StadtBasel
95%
ZürichZürich
85%
St.GallenSt. Gallen
82%
AargauAarau
79%
Luzern
[Lucerne]
Luzern
77%
SchaffhausenSchaffhausen
72%
ZugZug
69%
Appenzell
Innerrhoden
Appenzell
67%
SolothurnSolothurn
64%
VaudLausanne
62%
Basel-LandLiestal
51%
GlarusGlarus
49%
SchwyzSchwyz
49%
Appenzell
Ausserrhoden
Herisau
46%
TicinoBellinzona
44%
UriAltdorf
36%
ThurgauFrauenfeld
33%
ObwaldenSarnen
28%
NidwaldenStans
28%
Graubünden
Grischuns
Grigioni
Düsseldorf
3%
JuraDelémont
[Delsberg]
0%
Fribourg
Freiburg
Fribourg
Freiburg i.Ue.
0%
Genève
[Geneva]
Genève
[Genf]
0%
NeuchâtelNeuchâtel
[Neuenburg]
0%
Valais
Wallis
Sion
Sitten
0%

Verteilung der Resultate

Perzentil nach korrekt beantworteten Fragen

Anzahl Personen mit jedem Resultat

Ihre Resultats-Entwicklung

Sie haben dieses Quiz noch nicht gespielt